LEADER 02316ndm a2200445 a 4500
001 000911931
003 CZ BrMZK
005 20210721142123.0
007 qu
008 080912s1780 xx syzef d
031 |a 01  |b 01  |c 01  |d Vivace  |m vl 1  |g G-2  |n xFCGD  |o 2/4  |p '8B/''4E16B8.G/4F6A8.F/16EDC'BAGFE/  |r E  |2 pe 
031 |a 01  |b 02  |c 01  |d Largetto  |m vl 1  |g G-2  |n xFCG  |o 3/8  |p '8A''CD/E4E/8F4F/8D8.D3C'B/6({'C'BA})4''E/  |r A  |2 pe 
031 |a 01  |b 03  |c 01  |d Allegretto  |m vl 1  |g G-2  |n xFCGD  |o 2/4  |p '8B/''EGFA/6GA4B8'B/''C6AF8ED/4E'E/  |r E  |2 pe 
040 |a BOA001  |b cze 
048 |a sa02  |a sb01  |a sd01 
072 7 |a 787  |x Hudba pro strunné a smyčcové nástroje  |2 Konspekt  |9 9 
080 |a 78.082.1  |2 MRF 
080 |a 78.087  |2 MRF 
080 |a (0.032)78  |2 MRF 
100 1 |a Neruda, Jan Křtitel Jiří,  |d asi 1707-1780  |7 jn20020322001  |4 cmp 
245 1 0 |a Sinfonia a Violinis Duobus. Alto Viola e Basso  |h [rukopis] /  |c Auth. Neruda 
260 |c [1780?] 
300 |a 4 rkp. hlasy [2, 1, 1, 1 l.] ;  |c 35 cm 
561 1 |a Provenience: Doksy, zámecká knihovna Valdštejnů  |5 CZ-Bu 
561 1 |a Provenience: Praha, archiv dr. Antonína Němce  |5 CZ-Bu 
500 |a Dostupné též v digitální podobě v aplikaci Kramerius 
650 0 7 |a sinfonie  |7 ph321727  |2 czenas 
655 7 |a hlasy  |7 fd186703  |2 czenas 
655 7 |a hudební rukopisy  |7 fd278469  |2 czenas 
787 0 8 |i Mikrofilm :  |t Sinfonia, Nro. 1  |g Skř.17-0525.577 
856 4 1 |u https://imageserver.mzk.cz/mzk01/000/911/931/2619271743  |y Digitalizovaný dokument (klikněte pro zobrazení) 
856 4 1 |u https://imageserver.mzk.cz/mzk01/000/911/931/2619271743_1  |y Digitalizovaný dokument (klikněte pro zobrazení) 
856 4 1 |u http://audioserver.mzk.cz/incipity/png/000911931-010101.png  |y Zobrazení hudebního incipitu 
856 4 1 |u http://audioserver.mzk.cz/incipity/png/000911931-010201.png  |y Zobrazení hudebního incipitu 
856 4 1 |u http://audioserver.mzk.cz/incipity/png/000911931-010301.png  |y Zobrazení hudebního incipitu 
856 4 1 |u http://www.digitalniknihovna.cz/mzk/view/uuid:7f6c27de-17ae-41ee-b0ff-45e9d4744a14  |y Digitalizovaný dokument 
910 |a BOA001  |b RKPMus-0691.718 
990 |a MU 
991 |b 200809 
996 6 |b 2619271743  |c RKPMus-0691.718  |l Stud. starých tisků/4.patro  |r Sklad / do násl. otevíracího dne  |n 1  |w 000911931  |u 000010  |a 1  |e BOA001  |j MZK50  |s P